| 000 | 00503nam a2200157Ia 4500 | ||
|---|---|---|---|
| 005 | 20250429165208.0 | ||
| 008 | 231217s9999 xx 000 0 und d | ||
| 020 | _a9780735608917 | ||
| 082 | _a001.64404ECO MIC;1 R | ||
| 100 | _aMicrosoft | ||
| 245 | 0 | _aE-commerce development : business to consumer, hands on in depth training for developers | |
| 260 |
_c1999 _bMicrosoft Press _aUSA |
||
| 300 | _axvi+394 | ||
| 650 | _aE-commerce,business,consumer,,hands,depth,training,developers | ||
| 942 | _cAA | ||
| 999 |
_c182728 _d182728 |
||